000 00820nam a2200205 i 4500
001 69680
003 ES-MaACL
005 20260127062530.0
007 t|
008 040709s1961 sp ||||1| spa d
100 1 _aGarcía-Gallo, Alfonso,
_d1911-1992
_954644
245 1 0 _aIUS y derecho
_b: discurso leído el día 6 de febrero de 1961 en su recepción pública /
_cpor Alfonso García-Gallo y contestación de Rafael Núñez Lagos.
260 _aMadrid :
_b[s.n.,
_c1961] (
_fA.G.E.S.A.)
300 _a75 p. ;
_c25 cm.
500 _aPrecede al tít.: Real Academia de Jurisprudencia y Legislación.
700 1 _aNúñez Lagos, Rafael,
_d1902-1991
_986209
700 _aReal Academia de Jurisprudencia y Legislación de España
_9217612
852 _aES-MaACL
_jC-21861
_bR.47372
999 _c69680
_d69680